000 00400nam a2200133 4500
005 20260410123534.0
008 260410b |||||||| |||| 00| 0 eng d
020 _a81-219-1469-8
100 _aDass H. K & Verma Rama
245 _aMathematical Physics
_c/H.K Dass & Rama Verma
260 _aNew Delhi, India;
_bS. Chand & Company PVT LTD;
_c1997
300 _axvii,1379p.ill;
_c23.5cm
942 _2lcc
_n0
_cBK
999 _c213
_d213